| 000 | 00589nam a2200205 4500 | ||
|---|---|---|---|
| 010 | _a909703 | ||
| 035 | _a909703 | ||
| 037 | _bCen Lib / Ret | ||
| 040 |
_aDPL _bEN |
||
| 082 |
_a347.70954 _bSET |
||
| 100 | _aSethna, Jehangir M. | ||
| 245 |
_aSethna's indian compnay law / _cby Jehangir M. Sethna |
||
| 250 | _b8th ed | ||
| 260 |
_aBombay _bLakhani Book Depot _c1978 |
||
| 270 |
_aNext to Portuguese Church, Girgaon _bBombay _e400004 |
||
| 300 |
_a(v 1. lii, 1374p.) _b27cm(hb) |
||
| 650 | _aLaw | ||
| 650 | _aCompany Law | ||
| 942 |
_2ddc _cEN _h347.70954 _mSET |
||
| 999 |
_c136571 _d136571 |
||